logo

Bir Sreshtho Munshi Abdur Rouf Library
Jhenaidah Cadet College

Work like you're showing off! : (Record no. 423)

MARC details
000 -LEADER
fixed length control field 01514nam a2200277 a 4500
001 - CONTROL NUMBER
JCCL Control Number 14674512
003 - CONTROL NUMBER IDENTIFIER
JCCL marc code BD-JhCC
005 - DATE AND TIME OF LATEST TRANSACTION
control field 20220310134020.0
008 - FIXED-LENGTH DATA ELEMENTS--GENERAL INFORMATION
fixed length control field 061218s2007 nju 000 0 eng d
020 ## - INTERNATIONAL STANDARD BOOK NUMBER
International Standard Book Number 9780470116265 (cloth)
020 ## - INTERNATIONAL STANDARD BOOK NUMBER
International Standard Book Number 0470116269 (cloth)
035 ## - SYSTEM CONTROL NUMBER
system control number (BD-JhCC)
040 ## - CATALOGING SOURCE
Original cataloging agency DLC
Transcribing agency DLC
Modifying agency DLC
-- BD-JhCC
041 ## - LANGUAGE CODE
Language code of Book eng
050 00 - LIBRARY OF CONGRESS CALL NUMBER
Classification number HF5386
Item number .C243 2007
082 00 - DEWEY DECIMAL CLASSIFICATION NUMBER
Classification number 650.1
DDC Edition number 22
Author mark and Year CAL 2007
100 1# - MAIN ENTRY--PERSONAL NAME
Personal name Calloway, Joe.
245 10 - TITLE STATEMENT
Title Work like you're showing off! :
Remainder of title the joy, jazz, and kick of being better tomorrow than you were today /
Statement of responsibility, etc Joe Calloway.
260 ## - PUBLICATION, DISTRIBUTION, ETC. (IMPRINT)
Place of publication, distribution, etc Hoboken, N.J. :
Name of publisher, distributor, etc John Wiley & Sons,
Date of publication, distribution, etc c2007.
300 ## - PHYSICAL DESCRIPTION
Pagination xi, 142 p. ;
Dimensions 23 cm.
505 0# - FORMATTED CONTENTS NOTE
Formatted contents note Showing off -- Grand stupidity and absurd bravery -- All hat and no cattle -- Let it go -- The gold standard -- Get in the damn boat and go -- As good as you're going to be -- We see things as we are -- Stupid promises -- Let's be too much -- Imagination will take you everywhere -- Get back inside the box -- Expect to connect -- Going all in -- Lessons from Joe and Muhammad -- We haven't seen that -- The pursuit of happiness -- The enemy of future success -- What you think of me is none of my business -- Whatever happens is normal -- Guess what I want and other stupid mind games -- I said I don't know -- The golden circle of ignorance -- What have you done for me next -- The power strategy.
650 #0 - SUBJECT ADDED ENTRY--TOPICAL TERM
Topical term or geographic name as entry element Success in business.
650 #0 - SUBJECT ADDED ENTRY--TOPICAL TERM
Topical term or geographic name as entry element Creative ability in business.
942 ## - ADDED ENTRY ELEMENTS (KOHA)
Source of classification or shelving scheme Dewey Decimal Classification
Koha item type Books
Koha issues (borrowed), all copies 3
Holdings
Source of classification or shelving scheme Damaged status Not for loan Home library Current library Shelving location Date of accession Source of acquisition Total Checkouts Full call number Barcode Date last seen Date checked out Copy number Koha item type
Dewey Decimal Classification     JCC Rouf Library JCC Rouf Library General Stacks 10/04/2017 The Asia Foundation 2 650.1 CAL 2007 1580 05/18/2022 03/09/2022 C-1 Books

JCC Library | Contacts | JCC Home

Last Update on 23 September 2017
Copyright @ 2017-2020 JCC Rouf Library
Rouf Library, Jhenidah Cadet College (JCC), Bangladesh